| 000 | 00478nam a2200145Ia 4500 | ||
|---|---|---|---|
| 008 | 151015s9999 xx 000 0 und d | ||
| 020 | _a9.7808213711e+012 | ||
| 050 | _aLA1502.V47 2008 | ||
| 245 | _aVerspoor Adriaan M. | ||
| 250 | _a_At the crossroads Choises for secondary education in Sub-Saharan Africa Adriaan M.Verspoor | ||
| 300 | _aWashington DC World bank 2008 | ||
| 500 | _aIncludes index. | ||
| 650 | _a_Education secondary | ||
| 700 | _a^d20110223 10:15:00^okorir | ||
| 999 |
_c162 _d162 |
||